التفكير الناقد : (رقم التسجيلة. 146593)

تفاصيل مارك
000 -الفاتح
عناصر البيانات ثابتة الطول 00777cam a2200205 i 4500
005 - تاريخ ووقت آخر معاملة
حقل ضبط 20260129131628.0
008 - عناصر البيانات ثابتة الطول
عناصر البيانات ثابتة الطول 250721s2023 jo gr 000 0 ara d
020 ## - الترقيم الدولي المعياري للكتب (ردمك)
الترقيم الدولي المعياري للكتب (ردمك) 9789923322260
082 14 - رقم تصنيف ديوي العشري
رقم التصنيف 371.3
رقم المادة ع ر ب
100 1# - مدخل رئيسي – اسم شخصي
الاسم الشخصي عرب، خالد عبدالرحمن
علاقة الشخص بالعمل/ دوره مؤلف.
245 12 - بيان العنوان
العنوان التفكير الناقد :
بقية العنوان طرائق واستراتيجيات تدريس وتقويم /
بيان المسؤولية تأليف د. خالد عبد الرحمن عرب.
250 ## - بيان الطبعة
بيان الطبعة الطبعة الأولى.
264 31 - بيانات النشر، التوزيع…إلخ
مكان النشر، التوزيع...إلخ عمان :
اسم الناشر، الموزع...إلخ دار يافا العلمية للنشر،
تاريخ النشر، التوزيع...إلخ 2023.
300 ## - الوصف المادي
عدد الوحدات المكونة للوعاء 192 صفحة.
650 17 - مدخل إضافي بالموضوع - مصطلح موضوعي
مصطلح موضوعي أو اسم جغرافي كعنصر مدخل اساليب التدريس.
650 17 - مدخل إضافي بالموضوع - مصطلح موضوعي
مصطلح موضوعي أو اسم جغرافي كعنصر مدخل طرق التعلم.
650 17 - مدخل إضافي بالموضوع - مصطلح موضوعي
مصطلح موضوعي أو اسم جغرافي كعنصر مدخل التفكير الناقد.
942 ## - بيانات إضافية (كوها)
نوع التنصيف Dewey Decimal Classification
نوع المادة (كوها) كتب
المقتنيات
حالة السحب حالة الفقدان مصدر التصنيف حالة التلف غير قابل للإعارة المكتبة الرئيسية المكتبة الحالية موقع الرف تاريخ التزويد الرقم المتسلسل Total Checkouts رقم الإستدعاء الباركود تاريخ آخر ظهور تاريخ الفاتورة نوع المادة (كوها)
    Dewey Decimal Classification     المكتبة المركزية المكتبة المركزية الإعارة 28/07/2025 1787849   371.3 / ع ر ب PLD00510706 28/07/2025 28/07/2025 كتب
    Dewey Decimal Classification     مكتبة الأميرة ايمان العامة مكتبة الأميرة ايمان العامة الإعارة 01/08/2024 1787850   371.3/عرب PLD00511133 28/07/2025 01/08/2024 كتب
    Dewey Decimal Classification     مكتبة وادي السير العامة مكتبة وادي السير العامة الإعارة 01/08/2024 1787851   371.3/عرب PLD00511134 28/07/2025 01/08/2024 كتب
Implemented & Customized by: BBB with SCIT (Smart Chains for Information Technology)

Powered by Koha